000 00479nam a2200169Ia 4500
003 LK-CoDNM
008 010623t1917 xxu||||| |||| 00| 1 sin d
040 _aLK-CoDNM
_dLK-CoDNM
_eLK-CoDNM
041 _asin
080 _a104 D.22
100 _aed. by Buddhadaththa thero,Polvaththe
245 _aදුශ්චරිතාදීනවය
246 _aDushcharithaadiinavaya
260 _bvaishakoothsava samithiya
_aAmbalangoda
_c1917
300 _b38p., 14 cm
942 _cBK
999 _c89212
_d89212